| 000 | 00000cam##2200000za#4500 |
| 001 | 9.610554 |
| 003 | CaOODSP |
| 005 | 20251208100731 |
| 007 | ta |
| 008 | 150406|1993||||xxc||||| f|0| 0 eng|d |
| 020 | |a0-662-20861-7 |
| 040 | |aCaOODSP|beng |
| 043 | |an-cn--- |
| 086 | 1 |aFo29-6/4-1993E |
| 110 | 1 |aCanada.|bForests Canada. |
| 245 | 10|aNorthern tent caterpillar / |cby R. Garbutt and C. S. Wood. |
| 260 | |aVictoria - British Columbia : |bForests Canada |c1993. |
| 300 | |a3p. : |billus., references ; |c28 cm. |
| 490 | 1 |aForest pest leaflet|v4 |
| 563 | |aSoftcover |
| 720 | 1 |aWood, C. S. |
| 776 | 0#|tNorthern tent caterpillar / |w(CaOODSP)9.573464 |
| 830 | #0|aForest pest leaflet ;|v4|w(CaOODSP)9.514653 |